[Event "C.to Regionale Emilia-Romagna"]
[Site "Formigine ITA"]
[Date "2007.04.29"]
[Round "4"]
[White "Marconcini, Fabio"]
[Black "Grandi, Davide"]
[Result "1/2-1/2"]
[WhiteElo "1944"]
[BlackElo "1673"]
[PlyCount "96"]
[EventDate "2007.04.28"]

1. e4 c5 2. Nf3 Nc6 3. d4 cxd4 4. Nxd4 d6 5. Bc4 Nf6 6. Nc3 g6 7. O-O Bg4 8.
Nxc6 bxc6 9. f3 Qb6+ 10. Kh1 Be6 11. Bxe6 fxe6 12. e5 Nd5 13. Qe2 Nxc3 14. bxc3
d5 15. Be3 Qb5 16. Qf2 Qa6 17. Qh4 Bg7 18. f4 O-O 19. Qxe7 Rfe8 20. Qd7 Qc8 21.
Qxc8 Rexc8 22. Bc5 Rc7 23. Bd6 Rd7 24. Rab1 Rad8 25. Rb3 Bf8 26. Bxf8 Rxf8 27.
h4 c5 28. g3 c4 29. Rb4 h6 30. Kg2 Kg7 31. Rfb1 Re8 32. Rb7 Rde7 33. Rxe7+ Rxe7
34. Rb5 Rf7 35. a4 g5 36. hxg5 hxg5 37. Kf3 Kg6 38. a5 gxf4 39. gxf4 Kf5 40. a6
Rh7 41. Kg3 Rg7+ 42. Kf3 Rg4 43. Rb7 Rxf4+ 44. Ke3 Kxe5 45. Rxa7 Rf8 46. Re7
Rc8 47. a7 Ra8 48. Rb7 Kd6 1/2-1/2

[Event "C.to Regionale Emilia-Romagna"]
[Site "Formigine ITA"]
[Date "2007.04.29"]
[Round "4"]
[White "Martinello, Christian"]
[Black "Occari, Maurizio"]
[Result "0-1"]
[WhiteElo "2051"]
[BlackElo "1994"]
[PlyCount "108"]
[EventDate "2007.04.28"]

1. Nf3 Nf6 2. d4 g6 3. c4 Bg7 4. Nc3 d6 5. e4 O-O 6. Be2 Nc6 7. O-O e5 8. d5
Ne7 9. b4 a5 10. Rb1 axb4 11. Rxb4 b6 12. Bg5 Nd7 13. Bxe7 Qxe7 14. Nd2 f5 15.
Ra4 Rxa4 16. Qxa4 Nc5 17. Qa7 Bb7 18. Qa3 Bh6 19. Qb2 Qg5 20. Nf3 Qf6 21. Qc2
Bc8 22. Bd3 Qe7 23. Nd2 Bf4 24. Nf3 g5 25. g3 g4 26. Nh4 fxe4 27. Nxe4 Nxd3 28.
Qxd3 Bh6 29. Qa3 Qf7 30. Re1 Bg5 31. Ng2 Bd8 32. Qc3 Qg6 33. Re2 Rf3 34. Qc1
Bf5 35. Qc2 Ra3 36. Ne1 h5 37. Qb2 Ra4 38. Qb3 Ra5 39. Nd2 Bg5 40. Nf1 Bd7 41.
Ne3 Kg7 42. N1g2 Ba4 43. Qb2 Kh7 44. Ne1 Qe4 45. N1g2 Ra8 46. Qc1 Rf8 47. Rb2
Kg7 48. Qc3 Qf3 49. Qd3 Bd7 50. Ne1 Qf6 51. N1g2 h4 52. Qd2 hxg3 53. fxg3 Qf3
54. Ne1 Bxe3+ 0-1

[Event "C.to Regionale Emilia-Romagna"]
[Site "Formigine ITA"]
[Date "2007.04.29"]
[Round "4"]
[White "Muccini, Maurizio"]
[Black "Carrara, Salvatore"]
[Result "0-1"]
[WhiteElo "1376"]
[BlackElo "1812"]
[PlyCount "83"]
[EventDate "2007.04.28"]

1. e4 d6 2. Bc4 Nf6 3. Nc3 g6 4. Nf3 Bg7 5. O-O O-O 6. d4 Nbd7 7. Be3 c5 8. a4
Ng4 9. Qd2 Nxe3 10. fxe3 Bh6 11. dxc5 Nxc5 12. b4 Nd7 13. h4 Bg7 14. Ng5 Ne5
15. Bb3 h6 16. Nf3 e6 17. Rab1 Nxf3+ 18. Rxf3 Qxh4 19. Nb5 Bd7 20. Nxd6 Rad8
21. Rbf1 Bc8 22. Rxf7 Rxf7 23. Rxf7 Be5 24. Qe2 Rxd6 25. Qf3 Qe1+ 26. Qf1 Qxf1+
27. Rxf1 Bd7 28. b5 b6 29. Kf2 Kg7 30. Kf3 h5 31. g4 h4 32. g5 h3 33. Rh1 h2
34. Ke2 Bc8 35. Bc4 Bb7 36. Bd3 Rd8 37. Kf3 Rh8 38. Kg4 Bc8 39. Bf1 Rd8 40. Bd3
Rf8 41. Kh3 Rf3+ 42. Kg2 0-1

[Event "C.to Regionale Emilia-Romagna"]
[Site "Formigine ITA"]
[Date "2007.04.29"]
[Round "4"]
[White "Pazzini, Elia"]
[Black "Muccini, Andrea"]
[Result "1-0"]
[WhiteElo "1731"]
[BlackElo "1476"]
[PlyCount "71"]
[EventDate "2007.04.28"]

1. e4 e5 2. Nf3 Nc6 3. Bb5 Nf6 4. O-O a6 5. Bxc6 bxc6 6. Nxe5 Bc5 7. d4 Bd6 8.
Nf3 Be7 9. Re1 O-O 10. Bg5 Re8 11. Nbd2 h6 12. Bh4 d6 13. h3 Rb8 14. b3 Bb7 15.
c4 c5 16. d5 c6 17. Qc2 Nh5 18. Bxe7 Qxe7 19. Nf1 Nf6 20. Ng3 Rbd8 21. Qd2 Qc7
22. Qf4 Rd7 23. Nf5 Nh7 24. Qg3 f6 25. Nxh6+ Kh8 26. Nf5 g6 27. Qxg6 Rg8 28.
Qh6 Bc8 29. N3h4 Rdd8 30. Ng6+ Rxg6 31. Qxg6 Rg8 32. Qh6 Bxf5 33. exf5 cxd5 34.
cxd5 Qb7 35. Re6 Qb5 36. Re7 1-0

[Event "C.to Regionale Emilia-Romagna"]
[Site "Formigine ITA"]
[Date "2007.04.29"]
[Round "4"]
[White "Pelliconi, Vanes"]
[Black "Gaspari, Mauro"]
[Result "1-0"]
[WhiteElo "2019"]
[BlackElo "1894"]
[PlyCount "82"]
[EventDate "2007.04.28"]

1. d4 d5 2. Nf3 Nf6 3. c4 e6 4. Nc3 c6 5. Bg5 Be7 6. e3 O-O 7. Bd3 Nbd7 8. O-O
b6 9. Qa4 Bb7 10. cxd5 Nxd5 11. Bxe7 Qxe7 12. Nxd5 exd5 13. Qc2 g6 14. Rac1
Rfc8 15. Qe2 a5 16. Rfd1 c5 17. dxc5 bxc5 18. Bb5 Nf6 19. Ne1 Ne4 20. Qc2 Nd6
21. Be2 Ne4 22. Bf3 Rc7 23. Qa4 Bc6 24. Qa3 c4 25. Qxe7 Rxe7 26. Bxe4 Rxe4 27.
Rd2 Bb7 28. Nf3 Re7 29. Nd4 a4 30. a3 Ra6 31. Nc2 Rb6 32. Nb4 Rb5 33. Rd4 Rc7
34. e4 dxe4 35. Rdxc4 Rd7 36. h3 Rb6 37. Rc7 Rbd6 38. Kf1 Kg7 39. Ke2 Kf6 40.
Rxd7 Rxd7 41. Rc3 41... e3 $139 1-0

[Event "C.to Regionale Emilia-Romagna"]
[Site "Formigine ITA"]
[Date "2007.04.29"]
[Round "4"]
[White "Piccinini, Samuele"]
[Black "Marani, Luca"]
[Result "0-1"]
[WhiteElo "1749"]
[BlackElo "1536"]
[PlyCount "76"]
[EventDate "2007.04.28"]

1. d4 d5 2. c4 e6 3. Nc3 Nf6 4. Bg5 c6 5. Nf3 Be7 6. e3 O-O 7. Qc2 Nbd7 8.
O-O-O Qc7 9. Bf4 Qa5 10. Bd3 dxc4 11. Bxc4 b5 12. Bd3 Nb6 13. Kb1 h6 14. Rdg1
Nbd5 15. Nxd5 Nxd5 16. Bg3 Nb4 17. Qb3 Nxd3 18. Qxd3 Bb7 19. Ne5 c5 20. dxc5
Bxc5 21. e4 Rfd8 22. Qc2 Rac8 23. Rd1 Rd4 24. Rxd4 Bxd4 25. Qe2 b4 26. Nd3 Qb6
27. f3 a5 28. Be5 Ba6 29. Qd2 Bxd3+ 30. Qxd3 Bxe5 31. Rd1 Bxh2 32. Qd7 Qc5 33.
Qd2 Be5 34. Qd3 Bf4 35. a3 bxa3 36. bxa3 Be5 37. Rd2 Qc1+ 38. Ka2 a4 0-1

[Event "C.to Regionale Emilia-Romagna"]
[Site "Formigine ITA"]
[Date "2007.04.29"]
[Round "4"]
[White "Salami, Marco"]
[Black "Buriani, Andrea"]
[Result "1/2-1/2"]
[WhiteElo "2218"]
[BlackElo "2144"]
[PlyCount "78"]
[EventDate "2007.04.28"]

1. d4 d5 2. Nc3 Nf6 3. Bg5 Nbd7 4. Qd3 c6 5. Nf3 Qa5 6. Bd2 Qc7 7. e4 dxe4 8.
Nxe4 Nxe4 9. Qxe4 Nf6 10. Qe5 Qxe5+ 11. Nxe5 Bf5 12. Bc4 e6 13. c3 Ne4 14. Be3
Nd6 15. Bb3 f6 16. Nf3 g5 17. h4 g4 18. Nd2 Kd7 19. O-O-O h5 20. Rhe1 Re8 21.
Bc2 Bxc2 22. Kxc2 Bh6 23. Bxh6 Rxh6 24. Ne4 Nxe4 25. Rxe4 Rh7 26. Rde1 Rhe7 27.
Rd1 b5 28. b3 Kd6 29. c4 bxc4 30. bxc4 c5 31. Kc3 Rb8 32. dxc5+ Kxc5 33. Red4
Reb7 34. Rd7 a5 35. Rxb7 Rxb7 36. Rd8 Rb1 37. Ra8 Rf1 38. Rxa5+ Kb6 39. Kb4
Rxf2 1/2-1/2

[Event "C.to Regionale Emilia-Romagna"]
[Site "Formigine ITA"]
[Date "2007.04.29"]
[Round "4"]
[White "Vezzelli, Francesco"]
[Black "Muccini, Marco"]
[Result "0-1"]
[WhiteElo "1561"]
[BlackElo "1899"]
[PlyCount "90"]
[EventDate "2007.04.28"]

1. e4 e5 2. Nf3 Nc6 3. Bc4 Bc5 4. d3 d6 5. Nc3 Nf6 6. Bg5 Bg4 7. h3 Bh5 8. Nd5
Bxf3 9. Qxf3 Nd4 10. Qd1 c6 11. Nxf6+ gxf6 12. Bh4 d5 13. exd5 cxd5 14. Bb3 Qd6
15. c3 Nf5 16. Qg4 Nxh4 17. Qxh4 O-O-O 18. O-O-O Rhg8 19. g4 Rg7 20. Qg3 b5 21.
Kb1 Qb6 22. Rhf1 h5 23. Qf3 hxg4 24. hxg4 Qe6 25. Rg1 a5 26. Bc2 Rdg8 27. d4 e4
28. Qh3 Bd6 29. f3 Kb8 30. Rde1 f5 31. Bd1 fxg4 32. fxg4 Qc8 33. Rg2 f5 34.
Reg1 f4 35. Qh4 Rg5 36. Qh6 R8g6 37. Qh2 f3 38. Rg3 Bxg3 39. Qxg3+ Kb7 40. Qh2
Rxg4 41. Rxg4 Qxg4 42. Qe5 Qe6 43. Qh2 Rh6 44. Qf2 Qf5 45. Ka1 Rh1 0-1

[Event "C.to Regionale Emilia-Romagna"]
[Site "Formigine ITA"]
[Date "2007.05.01"]
[Round "5"]
[White "Arnetta, Marianna"]
[Black "Salami, Marco"]
[Result "0-1"]
[WhiteElo "2039"]
[BlackElo "2218"]
[PlyCount "148"]
[EventDate "2007.04.28"]

1. e4 e6 2. d4 d5 3. exd5 exd5 4. Bd3 Nc6 5. c3 Bd6 6. Nf3 Bg4 7. Be3 Nge7 8.
Nbd2 Qd7 9. Qc2 O-O-O 10. O-O-O Bf5 11. h3 Bxd3 12. Qxd3 f6 13. Rde1 Ng6 14.
Nb3 Kb8 15. Kb1 b6 16. Qa6 Ka8 17. Ka1 Nb8 18. Qd3 Qa4 19. Re2 Nc6 20. Rhe1 Kb7
21. g3 a6 22. Nfd2 Qb5 23. Qc2 a5 24. Nb1 a4 25. N3d2 Na5 26. Na3 Bxa3 27. bxa3
Rhe8 28. h4 Nf8 29. Qb1 Qa6 30. Qb4 Nc6 31. Qb2 Qd3 32. Nb1 Ra8 33. Bc1 Rxe2
34. Qxe2 Qxe2 35. Rxe2 h5 36. Kb2 Ng6 37. Kc2 Na5 38. Kd3 Rd8 39. Nd2 c5 40.
Bb2 Nc6 41. Nf3 Na5 42. Nd2 cxd4 43. cxd4 Kc6 44. Re6+ Kb5 45. Nb1 Nc4 46. Nc3+
Ka6 47. Bc1 Ka5 48. f4 b5 49. Rc6 Ne7 50. Rc7 Nf5 51. Rc5 Nxg3 52. Rxb5+ Ka6
53. Rc5 Nb6 54. Bd2 Nf5 55. Be1 Rd7 56. Nxa4 Nxa4 57. Ra5+ Kb6 58. Rxa4 Re7 59.
Rb4+ Kc6 60. Bd2 Nxh4 61. a4 Nf5 62. a5 Rb7 63. Rxb7 Kxb7 64. Be1 Ka6 65. Bf2
g5 66. fxg5 fxg5 67. Ke2 Kxa5 68. Kf3 Ka4 69. Kg2 Ka3 70. Be1 Nxd4 71. Bd2 Ne6
72. Kg3 Kxa2 73. Kf3 Kb3 74. Ke3 Kc2 0-1

[Event "C.to Regionale Emilia-Romagna"]
[Site "Formigine ITA"]
[Date "2007.05.01"]
[Round "5"]
[White "Bertocchi, Fulvio"]
[Black "Cuccolini, Milo"]
[Result "0-1"]
[WhiteElo "1688"]
[BlackElo "1784"]
[PlyCount "114"]
[EventDate "2007.04.28"]

1. e4 d5 2. exd5 Nf6 3. Nf3 Nxd5 4. h3 g6 5. d4 Bg7 6. Bc4 O-O 7. O-O Nc6 8.
Bxd5 Qxd5 9. Nc3 Qc4 10. Be3 Bf5 11. Rc1 Rad8 12. Qe2 Qxe2 13. Nxe2 e5 14. c3
Bd3 15. Rfe1 e4 16. Nd2 Bxe2 17. Rxe2 f5 18. f4 Ne7 19. Nb3 Nd5 20. Nc5 Nxe3
21. Rxe3 Rd6 22. b4 b6 23. Nb3 Bh6 24. Rf1 g5 25. g3 gxf4 26. gxf4 Rg6+ 27. Kh2
Rf7 28. Rg3 Rfg7 29. Rxg6 Rxg6 30. Nc1 Kf7 31. Ne2 Ke6 32. c4 Kd6 33. Rd1 a6
34. a3 c6 35. c5+ Kc7 36. cxb6+ Kxb6 37. a4 Rd6 38. Rc1 Rxd4 39. Rxc6+ Kxc6 40.
Nxd4+ Kd5 41. Nxf5 Bxf4+ 42. Kg2 Kc4 43. b5 axb5 44. axb5 Kxb5 45. Kf2 Kc5 46.
Ne3 Kd4 47. Nf5+ Kd3 48. h4 e3+ 49. Nxe3 Bxe3+ 50. Kf3 h5 51. Kg3 Ke2 52. Kg2
Kd3 53. Kf3 Kd4 54. Kg3 Ke4 55. Kg2 Kf4 56. Kh3 Bf2 57. Kg2 57... Bxh4 $138 0-1

[Event "C.to Regionale Emilia-Romagna"]
[Site "Formigine ITA"]
[Date "2007.05.01"]
[Round "5"]
[White "Buriani, Andrea"]
[Black "De Biaggi, Paolo"]
[Result "1-0"]
[WhiteElo "2144"]
[BlackElo "1989"]
[PlyCount "169"]
[EventDate "2007.04.28"]

1. d4 e6 2. Nf3 c5 3. e3 d5 4. c3 a6 5. Nbd2 Nd7 6. Ne5 Qc7 7. f4 g6 8. Bd3 f5
9. O-O Ngf6 10. c4 Bd6 11. b3 O-O 12. Bb2 Rb8 13. Qe2 Ne4 14. Rac1 Qa5 15. Rc2
Nxd2 16. Qxd2 Qxd2 17. Rxd2 Nxe5 18. fxe5 Be7 19. cxd5 exd5 20. Ba3 b5 21. Bxc5
Bxc5 22. dxc5 Bb7 23. Be2 Rfe8 24. Bf3 Rxe5 25. Kf2 Rbe8 26. Rd3 Kf7 27. Rc1
Bc6 28. b4 Ke6 29. Rcc3 Ra8 30. Ra3 Kd7 31. Rd4 h5 32. h4 Bb7 33. Kg3 Ke6 34.
Kf4 Kf6 35. Ra5 Bc6 36. Rd3 Bb7 37. Rc3 Re6 38. Raa3 Bc6 39. Rc2 Re7 40. Rd2
Re5 41. Rd4 Bb7 42. Rdd3 Bc6 43. Kg3 Ke6 44. Kf2 Kd7 45. Ke2 Ke6 46. Rd4 Bb7
47. Rad3 a5 48. bxa5 Rxa5 49. a3 Bc6 50. Kd2 Ra8 51. Rb4 Ra7 52. Rdb3 Ra5 53.
Kd3 Bd7 54. Ke2 Bc6 55. Kf2 Be8 56. Kg3 Bc6 57. Kf4 Kf6 58. Rd4 Ra6 59. Rbd3
Ra4 60. Rxa4 bxa4 61. Rd4 Re8 62. Rb4 Re7 63. Rb6 Re6 64. Ra6 Bb5 65. Rxe6+
Kxe6 66. Kg5 Be8 67. c6 Bxc6 68. Kxg6 Be8+ 69. Kg5 Ke5 70. g3 Bf7 71. Kh6 Be8
72. Kg7 Bb5 73. Kf7 Bc4 74. Ke7 Bb3 75. Kd7 d4 76. exd4+ Kxd4 77. Bxh5 Kc3 78.
Bg6 Kb2 79. h5 Kxa3 80. h6 Bg8 81. h7 Bxh7 82. Bxh7 Kb4 83. Bxf5 Kc4 84. Kd6
Kd4 85. g4 1-0

[Event "C.to Regionale Emilia-Romagna"]
[Site "Formigine ITA"]
[Date "2007.05.01"]
[Round "5"]
[White "Carrara, Salvatore"]
[Black "Pazzini, Elia"]
[Result "1-0"]
[WhiteElo "1812"]
[BlackElo "1731"]
[PlyCount "121"]
[EventDate "2007.04.28"]

1. d4 Nf6 2. Nf3 e6 3. e3 c5 4. c3 d5 5. Be2 Bd6 6. dxc5 Bxc5 7. O-O O-O 8.
Nbd2 Nc6 9. b4 Bd6 10. b5 Ne7 11. c4 Ng6 12. Bb2 b6 13. cxd5 exd5 14. Nd4 Bb7
15. N2f3 Rc8 16. Rc1 Ne4 17. Nf5 f6 18. N5d4 Nc5 19. Ba3 Rf7 20. Nf5 Bf8 21.
N5d4 Rfc7 22. h3 Qd7 23. Bb2 Kh8 24. Kh1 Kg8 25. Kg1 Kf7 26. Nh2 Qd8 27. Bg4
Rb8 28. Ba3 Ne5 29. Be2 g6 30. Nhf3 Bc8 31. Nxe5+ fxe5 32. Nc6 Rxc6 33. bxc6
Be6 34. Bb2 Bg7 35. f4 e4 36. Bxg7 Kxg7 37. Qd4+ Kg8 38. Bg4 Bxg4 39. hxg4 Rc8
40. Rxc5 bxc5 41. Qxc5 Rc7 42. Rd1 a6 43. Rxd5 Qe8 44. Rd6 Qe7 45. Qd5+ Qf7 46.
Rd8+ Kg7 47. Qxf7+ Kxf7 48. Rd7+ Rxd7 49. cxd7 Ke7 50. Kf2 Kxd7 51. Ke2 Kd6 52.
g5 Ke6 53. g4 Kd5 54. Kd2 Kc4 55. Kc2 a5 56. a4 Kc5 57. f5 Kd5 58. f6 Ke6 59.
Kc3 h5 60. Kd4 Kf7 61. Kxe4 1-0

[Event "C.to Regionale Emilia-Romagna"]
[Site "Formigine ITA"]
[Date "2007.05.01"]
[Round "5"]
[White "Chierici, James"]
[Black "Vezzelli, Francesco"]
[Result "0-1"]
[WhiteElo "1577"]
[BlackElo "1561"]
[PlyCount "78"]
[EventDate "2007.04.28"]

1. e4 e5 2. Nf3 Nc6 3. d4 exd4 4. Nxd4 Bc5 5. Be3 Qf6 6. c3 Nge7 7. Qd2 O-O 8.
Nb5 Bxe3 9. Qxe3 d5 10. Nd2 Be6 11. g3 Rfc8 12. Bg2 a6 13. Nd4 Nxd4 14. cxd4
Rd8 15. Nb3 dxe4 16. Bxe4 Bxb3 17. Qxb3 Qxd4 18. f3 Rab8 19. Rd1 Qxd1+ 20. Qxd1
Rxd1+ 21. Kxd1 Rd8+ 22. Kc2 c6 23. Re1 g6 24. Re3 Kg7 25. Rb3 Rd7 26. Re3 f5
27. Bd3 Nd5 28. Kd2 Nxe3 29. Kxe3 Kf6 30. h4 c5 31. b3 b5 32. Be2 Re7+ 33. Kf2
Rxe2+ 34. Kxe2 Ke5 35. Kd3 Kd5 36. Kc3 h5 37. a3 c4 38. b4 Ke5 39. a4 Kd5 0-1

[Event "C.to Regionale Emilia-Romagna"]
[Site "Formigine ITA"]
[Date "2007.05.01"]
[Round "5"]
[White "Chierici, Marianna"]
[Black "Fiorentini, Paolo"]
[Result "1-0"]
[WhiteElo "1996"]
[BlackElo "1982"]
[PlyCount "113"]
[EventDate "2007.04.28"]

1. e4 c5 2. c3 d5 3. exd5 Qxd5 4. d4 Nf6 5. Nf3 Nc6 6. dxc5 Qxc5 7. Be3 Qa5 8.
Na3 Ng4 9. Bf4 e5 10. Bg3 Bxa3 11. bxa3 Qxc3+ 12. Nd2 O-O 13. Rc1 Qxa3 14. Be2
Nf6 15. O-O Rd8 16. Qe1 Qa5 17. Nb3 Qxe1 18. Rfxe1 a6 19. Bf3 Nb4 20. Rxe5 Nxa2
21. Ra1 Bg4 22. Rxa2 Bxf3 23. gxf3 Rd1+ 24. Kg2 Kf8 25. Ra1 Rxa1 26. Nxa1 Nd7
27. Re3 b5 28. Kf1 Nb6 29. Bd6+ Kg8 30. Bc5 Nc4 31. Re2 a5 32. Ke1 b4 33. Kd1
Rc8 34. Re4 Na3 35. Nb3 h6 36. Bb6 a4 37. Nc5 Rc6 38. Rxb4 Rf6 39. f4 Nc4 40.
Rxc4 Rxb6 41. Nxa4 Rb1+ 42. Rc1 Rb4 43. Nc3 Rxf4 44. Ke2 Rh4 45. Rh1 g5 46. Nd5
Kg7 47. Kf3 Kg6 48. h3 f5 49. Kg3 Rd4 50. Ne7+ Kf6 51. Re1 Rd3+ 52. Kg2 h5 53.
Ng8+ Kg7 54. Ne7 Kf6 55. Nc6 h4 56. Ne5 Rd5 57. Nf3 1-0

[Event "C.to Regionale Emilia-Romagna"]
[Site "Formigine ITA"]
[Date "2007.05.01"]
[Round "5"]
[White "Cricca, Andrea"]
[Black "Martinello, Christian"]
[Result "0-1"]
[WhiteElo "1698"]
[BlackElo "2051"]
[PlyCount "46"]
[EventDate "2007.04.28"]

1. c4 Nf6 2. Nc3 e6 3. d4 Bb4 4. Bd2 O-O 5. e3 b6 6. Nf3 Bb7 7. g3 d5 8. cxd5
Nxd5 9. Bg2 Be7 10. O-O Nd7 11. Re1 N7f6 12. e4 Nxc3 13. bxc3 Bxe4 14. Bg5 Bb7
15. Qc2 h6 16. Bd2 c5 17. Be3 Nd5 18. Rad1 Qc7 19. c4 Nxe3 20. fxe3 Rac8 21.
Rc1 Rfd8 22. Red1 cxd4 23. exd4 Ba3 0-1

[Event "C.to Regionale Emilia-Romagna"]
[Site "Formigine ITA"]
[Date "2007.05.01"]
[Round "5"]
[White "Ferretti, Alessandro"]
[Black "Marconcini, Fabio"]
[Result "1-0"]
[WhiteElo "1748"]
[BlackElo "1944"]
[PlyCount "43"]
[EventDate "2007.04.28"]

1. e4 d5 2. exd5 Qxd5 3. Nc3 Qd8 4. d4 Nf6 5. Nf3 Bg4 6. Qd3 e6 7. Qb5+ Nbd7 8.
Ne5 Rb8 9. Bg5 Bf5 10. O-O-O c6 11. Qe2 Be7 12. g4 Bg6 13. h4 h6 14. Nxg6 fxg6
15. Bxf6 gxf6 16. Qxe6 Nf8 17. Qc4 Nd7 18. Bd3 Nf8 19. Rhe1 Qd7 20. d5 b5 21.
Qf4 Kf7 22. Qxb8 1-0

[Event "C.to Regionale Emilia-Romagna"]
[Site "Formigine ITA"]
[Date "2007.05.01"]
[Round "5"]
[White "Fiorentini, Davide"]
[Black "Bertelli, Andrea"]
[Result "1/2-1/2"]
[WhiteElo "1494"]
[BlackElo "1440"]
[PlyCount "53"]
[EventDate "2007.04.28"]

1. d4 c5 2. dxc5 Qa5+ 3. Nc3 Qxc5 4. Nf3 Nf6 5. Bg5 Nc6 6. e4 Ne5 7. Bf4 Nfg4
8. Bg3 d6 9. Bb5+ Bd7 10. Bxd7+ Nxd7 11. h3 Nge5 12. O-O g6 13. Nxe5 Nxe5 14.
Qd5 Qxd5 15. Nxd5 O-O-O 16. Bxe5 dxe5 17. Rfd1 e6 18. Nc3 Be7 19. Rxd8+ Rxd8
20. Rd1 Rd4 21. Rxd4 exd4 22. Ne2 e5 23. b3 Kc7 24. Kf1 Kb6 25. Ke1 Kc5 26. Kd1
Kb4 27. Kc1 1/2-1/2

[Event "C.to Regionale Emilia-Romagna"]
[Site "Formigine ITA"]
[Date "2007.05.01"]
[Round "5"]
[White "Garofalo, Sergio"]
[Black "Di Trapani, Davide"]
[Result "1-0"]
[WhiteElo "1812"]
[BlackElo "1565"]
[PlyCount "79"]
[EventDate "2007.04.28"]

1. d4 d5 2. Nf3 Nf6 3. Nbd2 c6 4. a3 Bf5 5. e3 e6 6. c4 a5 7. Be2 Bd6 8. O-O
Nbd7 9. b3 O-O 10. Nh4 Ne4 11. Nxf5 exf5 12. Nxe4 fxe4 13. cxd5 cxd5 14. f3 Qh4
15. f4 g5 16. Bd2 Rae8 17. Be1 Qh6 18. Bg3 Re6 19. Bg4 f5 20. fxg5 Qxg5 21.
Bxd6 Rxd6 22. Rf4 Rg6 23. Bh3 Kh8 24. Qf1 Rgf6 25. Ra2 Kg7 26. Raf2 Kg6 27. Qb5
R8f7 28. Qxd5 Nf8 29. g3 Qh5 30. Kg2 b6 31. g4 Qg5 32. Rxf5 Rxf5 33. Rxf5 Rxf5
34. Qxf5+ Qxf5 35. gxf5+ Kf6 36. Kg3 Nd7 37. Kf4 b5 38. Kxe4 a4 39. bxa4 bxa4
40. Kd5 1-0

[Event "C.to Regionale Emilia-Romagna"]
[Site "Formigine ITA"]
[Date "2007.05.01"]
[Round "5"]
[White "Grandi, Davide"]
[Black "Campidelli, Silvio"]
[Result "1/2-1/2"]
[WhiteElo "1673"]
[BlackElo "1554"]
[PlyCount "48"]
[EventDate "2007.04.28"]

1. c4 Nf6 2. d4 e6 3. Nc3 d5 4. e3 Be7 5. Nf3 Nbd7 6. Bd2 O-O 7. c5 c6 8. Bd3
Qc7 9. b4 e5 10. dxe5 Nxe5 11. Be2 Bf5 12. Nxe5 Qxe5 13. O-O Rfe8 14. Bf3 Rad8
15. Ne2 Ne4 16. Nd4 Nxd2 17. Qxd2 Bg6 18. g3 a6 19. a4 Qc7 20. a5 Bf6 21. Rfe1
Be4 22. Bg2 Bxg2 23. Kxg2 Re4 24. Re2 Bxd4 1/2-1/2

[Event "C.to Regionale Emilia-Romagna"]
[Site "Formigine ITA"]
[Date "2007.05.01"]
[Round "5"]
[White "Lucchi, Lorenzo"]
[Black "Pelliconi, Vanes"]
[Result "1-0"]
[WhiteElo "1940"]
[BlackElo "2019"]
[PlyCount "61"]
[EventDate "2007.04.28"]

1. e4 d6 2. d4 Nf6 3. Nc3 g6 4. Nf3 Bg7 5. Bc4 O-O 6. O-O c6 7. Bg5 h6 8. Bh4
b5 9. Bd3 a6 10. e5 dxe5 11. dxe5 Nd5 12. Nxd5 cxd5 13. Re1 Qe8 14. Bxg6 e6 15.
Bd3 Nd7 16. c3 Bb7 17. Bc2 Nc5 18. Nd4 f5 19. exf6 Bxf6 20. Nxe6 Nxe6 21. Qg4+
Bg7 22. Rxe6 Bc8 23. Rxe8 Bxg4 24. Rxa8 Rxa8 25. f3 Bd7 26. Bb3 Be6 27. Rd1 b4
28. Bxd5 Bxd5 29. Rxd5 bxc3 30. bxc3 Bxc3 31. Rd8+ 1-0

[Event "C.to Regionale Emilia-Romagna"]
[Site "Formigine ITA"]
[Date "2007.05.01"]
[Round "5"]
[White "Muccini, Andrea"]
[Black "Muccini, Maurizio"]
[Result "0-1"]
[WhiteElo "1476"]
[BlackElo "1376"]
[PlyCount "44"]
[EventDate "2007.04.28"]

1. e4 e5 2. Nc3 Bb4 3. Bc4 Nf6 4. Nf3 Nc6 5. O-O O-O 6. d3 h6 7. Bd2 d6 8. a3
Bc5 9. Na4 b6 10. b4 Bd4 11. Nxd4 Nxd4 12. c3 Nc6 13. Nb2 Bg4 14. f3 Bh5 15.
Be3 Ne7 16. Qd2 Bg6 17. Rad1 Bh7 18. Bd5 Nexd5 19. exd5 Nxd5 20. d4 exd4 21.
Bxh6 gxh6 22. Qxh6 Ne3 0-1

[Event "C.to Regionale Emilia-Romagna"]
[Site "Formigine ITA"]
[Date "2007.05.01"]
[Round "5"]
[White "Muccini, Marco"]
[Black "Gigli, Claudio"]
[Result "1-0"]
[WhiteElo "1899"]
[BlackElo "1686"]
[PlyCount "49"]
[EventDate "2007.04.28"]

1. e4 c5 2. Nc3 Nc6 3. g3 Nf6 4. Bg2 e6 5. f4 d6 6. Nge2 Qb6 7. d3 Be7 8. O-O
Nd4 9. e5 dxe5 10. fxe5 Nd7 11. Nxd4 cxd4 12. Ne4 Nxe5 13. Qh5 Ng6 14. Bg5 f6
15. Bxf6 Bxf6 16. Nxf6+ gxf6 17. Rxf6 Rf8 18. Rxf8+ Kxf8 19. Qxh7 e5 20. Rf1+
Ke8 21. Rf7 Qd6 22. Be4 Nf8 23. Qh5 Kd8 24. Qh8 Ke8 25. Bg6 1-0

[Event "C.to Regionale Emilia-Romagna"]
[Site "Formigine ITA"]
[Date "2007.05.01"]
[Round "5"]
[White "Occari, Maurizio"]
[Black "Bianchi, Andrea"]
[Result "0-1"]
[WhiteElo "1994"]
[BlackElo "2131"]
[PlyCount "104"]
[EventDate "2007.04.28"]

1. e4 d6 2. d4 Nf6 3. Nc3 e5 4. d5 c6 5. Bg5 Qb6 6. Rb1 Nbd7 7. Bc4 Qb4 8. Qe2
cxd5 9. exd5 Nb6 10. Bb5+ Bd7 11. Bxf6 gxf6 12. Bxd7+ Kxd7 13. a3 Qa5 14. Qf3
Be7 15. Nge2 Rag8 16. O-O Rg6 17. Kh1 Qc5 18. Ng3 Kd8 19. Nf5 Rhg8 20. Rg1 Qc4
21. h3 Nc8 22. Rbd1 a6 23. b3 Qc5 24. a4 Kd7 25. Qd3 Bf8 26. Ne4 Qb4 27. Qe3
Qb6 28. Qf3 Qd8 29. Rd3 Kc7 30. c4 Kb8 31. g3 Qd7 32. Kh2 h5 33. Nh4 f5 34.
Nxf5 Ne7 35. Nh4 f5 36. Nxg6 Rxg6 37. Nc3 Bg7 38. Re3 Qe8 39. Qxh5 Qg8 40. Ne2
Rh6 41. Qg5 Qf8 42. Nf4 Bf6 43. Ne6 Qh8 44. Qxh6 Qxh6 45. f4 Ng6 46. Rf1 exf4
47. gxf4 Be5 48. Ref3 Bf6 49. Rg1 a5 50. Re1 Ka7 51. Ref1 Kb6 52. Kg2 Nh4+ 0-1

[Event "C.to Regionale Emilia-Romagna"]
[Site "Formigine ITA"]
[Date "2007.05.01"]
[Round "5"]
[White "Quattrini, Massimo"]
[Black "Marani, Luca"]
[Result "1-0"]
[WhiteElo "1718"]
[BlackElo "1536"]
[PlyCount "49"]
[EventDate "2007.04.28"]

1. e4 e5 2. Nf3 d6 3. d4 exd4 4. Nxd4 Nf6 5. Nc3 Be7 6. Bc4 O-O 7. O-O Nc6 8.
Nxc6 bxc6 9. Qe2 Ng4 10. Bf4 Bf6 11. Rad1 Ne5 12. Bb3 a5 13. Bxe5 Bxe5 14. Na4
Qh4 15. g3 Qg5 16. f4 Bg4 17. Qg2 Qh5 18. Rd2 Bf6 19. c3 Rfe8 20. Bd1 Rad8 21.
Bxg4 Qxg4 22. Rfd1 Qe6 23. e5 dxe5 24. Rxd8 exf4 25. Rxe8+ 1-0

[Event "C.to Regionale Emilia-Romagna"]
[Site "Formigine ITA"]
[Date "2007.05.01"]
[Round "5"]
[White "Ravazzini, Luca"]
[Black "Lucchi, Sauro"]
[Result "1-0"]
[WhiteElo "1644"]
[BlackElo "1356"]
[PlyCount "55"]
[EventDate "2007.04.28"]

1. e4 Nc6 2. d4 e6 3. Nf3 d5 4. exd5 exd5 5. Bb5 a6 6. Bxc6+ bxc6 7. O-O Nf6 8.
Bg5 Be7 9. Re1 O-O 10. Qe2 Bg4 11. Qxe7 Re8 12. Qxd8 Raxd8 13. Rxe8+ Rxe8 14.
Bxf6 gxf6 15. Nc3 Kh8 16. Re1 Rg8 17. Kf1 Be6 18. Na4 Bf5 19. Rc1 Re8 20. Nh4
Bc8 21. Re1 Re4 22. Rxe4 dxe4 23. Nc5 f5 24. Ke2 Kg7 25. Ke3 Kf6 26. Kf4 a5 27.
a3 h6 28. Nb3 1-0

[Event "C.to Regionale Emilia-Romagna"]
[Site "Formigine ITA"]
[Date "2007.05.01"]
[Round "5"]
[White "Salvioli, Alessandro"]
[Black "Piccinini, Samuele"]
[Result "1-0"]
[WhiteElo "1524"]
[BlackElo "1749"]
[PlyCount "60"]
[EventDate "2007.04.28"]

1. e4 e6 2. d4 d5 3. Nc3 Bb4 4. Nge2 dxe4 5. a3 Bxc3+ 6. Nxc3 Nc6 7. Bb5 Nge7
8. Nxe4 O-O 9. Be3 a6 10. Bc4 Nf5 11. c3 b5 12. Ba2 Nxe3 13. fxe3 Qh4+ 14. Ng3
Bb7 15. O-O Ne7 16. Rf4 Qh6 17. Qd2 Nd5 18. Bxd5 exd5 19. Nf5 Qf6 20. Qe2 Rae8
21. Raf1 Re4 22. Rxe4 dxe4 23. Rf4 Re8 24. Nxg7 Qxg7 25. Rg4 Re6 26. Rxg7+ Kxg7
27. Qg4+ Kf8 28. Qf4 Re7 29. Qf6 Ke8 30. Qh8+ Kd7 1-0